Hacia una más fácil negociación y administración de los valores mobiliarios al portador / (Record no. 36283)

MARC details
000 -LEADER
campo de control de longitud fija 00645nam a2200181 i 4500
001 - NÚMERO DE CONTROL
campo de control 36283
003 - IDENTIFICADOR DE NÚMERO DE CONTROL
campo de control ES-MaACL
005 - FECHA Y HORA DE LA ÚLTIMA TRANSACCIÓN
campo de control 20230906155334.0
007 - CAMPO FIJO DE DESCRIPCIÓN FÍSICA--INFORMACIÓN GENERAL
campo de control de longitud fija t|
008 - DATOS DE LONGITUD FIJA--INFORMACIÓN GENERAL
campo de control de longitud fija 030217s1967 sp ||||1| spa d
100 1# - ENTRADA PRINCIPAL--NOMBRE DE PERSONA
Nombre de persona Broseta Pont, Manuel.
9 (RLIN) 31932
245 10 - MENCIÓN DEL TÍTULO
Título Hacia una más fácil negociación y administración de los valores mobiliarios al portador /
Mención de responsabilidad, etc. por Manuel Broseta Pont y Joaquín Maldonado.
260 ## - PUBLICACIÓN, DISTRIBUCIÓN, ETC.
Lugar de publicación, distribución, etc. Valencia :
Nombre del editor, distribuidor, etc. [s.n.],
Fecha de publicación, distribución, etc. 1967 (
Fabricante Tip. Art. Puertes)
300 ## - DESCRIPCIÓN FÍSICA
Extensión 196 p. ;
Dimensiones 22 cm.
650 #4 - PUNTO DE ACCESO ADICIONAL DE MATERIA--TÉRMINO DE MATERIA
Término de materia o nombre geográfico como elemento de entrada Valores mobiliarios-
Subdivisión geográfica España.
9 (RLIN) 140335
700 0# - ENTRADA AGREGADA--NOMBRE PERSONAL
Nombre de persona Maldonado Chiarri, Joaquín.
9 (RLIN) 75724
852 ## - LOCALIZACIÓN
Ubicación ES-MaACL
Número de control de estantería C-34178
Sublocalización o colección R.64914
Holdings
Estatus retirado Estado de pérdida Estado de daño No para préstamo Biblioteca de origen Biblioteca actual Ubicación en estantería Fecha de adquisición Fuente de adquisición Total de préstamos Signatura topográfica completa Código de barras Visto por última vez Precio de reemplazo Tipo de ítem Koha
        Biblioteca del Ateneo de Madrid Biblioteca del Ateneo de Madrid Depósito 2 17/01/2008     C-34178 1038090 23/02/2023 23/02/2023 Libro impreso